000 00701nam a2200193Ia 4500
008 151119s9999||||xx |||||||||||||| ||und||
082 _a551पोखर/सृष्टीरं
082 _bGKKV23670
100 _aपोखरकर प्रशांत
245 _aसृष्टी रंजन वातावरण
260 _aपुणे
260 _bपुष्प प्रकाशन
260 _c2002
600 _aपोखरकर प्रशांत
630 _aसृष्टी रंजन वातावरण
700 _aपोखरकर प्रशांत
730 _aसृष्टी रंजन वातावरण
942 _cBOOK
999 _c1076303
_d1076300